| 000 | 01229nam a22002657a 4500 | ||
|---|---|---|---|
| 005 | 20170630020002.0 | ||
| 008 | 140407s2005 ck abdogr|||| 00| 0 spa d | ||
| 020 | _a9589774911 | ||
| 041 | _aspa | ||
| 044 | _ack | ||
| 082 |
_a628.92 _bC91g |
||
| 100 | 1 |
_aCórdoba García, Claudia María _923438 |
|
| 245 | 1 | 0 |
_aGuía técnica para la restauración ecológica de áreas afectadas por incendios forestales en el distrito capital _cClaudia María Córdoba García, Claudia Alexandra Pinzón Osorio, Juan Francisco García Romero |
| 260 | 3 |
_aBogotá _cJardín Botánico de Bogotá José Celestino Mutis _b2005 |
|
| 300 |
_a119 p. _bil., fot., mapas, tablas, gráficas _c29 cm _e+ 1 mapa plegable a color |
||
| 504 | _aIncluye bibliografía (páginas 114 - 119) | ||
| 590 | _aIncluye un mapa a color y plegable CID - 034345 / 059582 | ||
| 650 | 4 |
_aIncendio forestal _vGuía _xPrevención _zColombia _923678 |
|
| 650 | 4 |
_aTecnología _xSeguridad _xIncendio _923679 |
|
| 650 | 4 |
_aIncendio forestal _xDinamicas _zColombia _923680 |
|
| 700 | 1 |
_aPinzón Osorio, Claudia Alexandra _923442 |
|
| 700 | 1 |
_aGarcía Romero, Juan Francisco _923443 |
|
| 710 | 2 |
_aJardín Botánico de Bogotá José Celestino Mutis _99662 |
|
| 942 |
_cImpreso _2ddc _03 |
||
| 999 |
_c8362 _d8362 |
||